Words and Their Origins - Statistics

General Stats
  • This quiz has been taken 82 times
    61 since last reset
  • The average score is 6 of 14
Answer Stats
Word Language % Correct
Vodka Russian
95%
Matador Spanish
79%
Yin Yang Mandarin
72%
Bread English/Dutch
63%
Bazaar Persian
54%
Avatar Hindi
51%
Abdomen Latin
49%
Enemy French
44%
Berserk Norse
30%
Tungsten Swedish
30%
Tie German
25%
Freeze English
18%
Blink Dutch
14%
Clip German
9%
No matching quizzes found
Score Distribution
Percent of People with Each Score
Percentile by Number Answered
Your Score History
You have not taken this quiz since the last reset